Kabinett Scholz - Statistiken

Allgemein
  • Dieses Quiz wurde 710 mal gespielt
    204 seit der letzten Aktualisierung
  • Das Durchschnittsergebnis liegt bei 16 aus 23
Antwortstatistiken
Amt bzw. Ressort Partei Zeitraum Name % Korrekt
Finanzen (1. Besetzung) FDP 2021-24 Christian Lindner
99%
Bundeskanzler SPD 2021- Olaf Scholz
99%
Vizekanzler Bündnis 90/Die Grünen 2021- Robert Habeck
98%
Wirtschaft und Klimaschutz Bündnis 90/ Die Grünen 2021- Robert Habeck
98%
Außwärtiges Amt Bündnis 90/ Die Grünen 2021- Anna-Lena Baerbock
94%
Verteidigung (2. Besetzung) SPD 2023- Boris Pistorius
89%
Gesundheit SPD 2021- Karl Lauterbach
86%
Bildung und Forschung (kommissarisch) Bündnis 90/ Die Grünen 2024- Cem Özdemir
84%
Landwirtschaft und Ernährung Bündnis 90/ Die Grünen 2021- Cem Özdemir
84%
Justiz (kommissarisch) Parteilos 2024- Volker Wissing
84%
Verkehr und Digitales FDP/Parteilos 2021- Volker Wissing
84%
Arbeit und Soziales SPD 2021- Hubertus Heil
78%
Justiz FDP 2021-24 Marco Buschmann
76%
Inneres und Heimat SPD 2021- Nancy Faeser
73%
Verteidigung (1. Besetzung) SPD 2021-23 Christine Lambrecht
54%
Familie (2. Besetzung) Bündnis 90/ Die Grünen 2022- Lisa Paus
49%
Finanzen (2. Besetzung) SPD 2024- Jörg Kukies
46%
Bildung und Forschung FDP 2021-24 Bettina Stark-Watzinger
45%
Bauen SPD 2021- Klara Geywitz
45%
Wirtschaftliche Zusammenarbeit SPD 2021- Svenja Schulze
44%
Umwelt und Verbraucherschutz Bündnis 90/ Die Grünen 2021- Steffi Lemke
43%
Kanzleramtschef SPD 2021- Wolfgang Schmidt
43%
Familie (1. Besetzung) Bündnis 90/ Die Grünen 2021-22 Anne Spiegel
37%
Keine übereinstimmenden Quizze gefunden
Verteilung der Resultate
Anzahl Personen mit jedem Resultat
Perzentil nach korrekt beantworteten Fragen
Ihre Resultats-Entwicklung
Sie haben dieses Quiz seit der letzten Aktualisierung nicht gespielt